Welcome to CU Library Online Public Access Catalogue (OPAC)

Coping with neurologic problems proficiently. (Record no. 3517)

MARC details
000 -LEADER
fixed length control field 00613pam a2200205 i 4500
001 - CONTROL NUMBER
control field 848726
005 - DATE AND TIME OF LATEST TRANSACTION
control field 20250206180849.0
008 - FIXED-LENGTH DATA ELEMENTS--GENERAL INFORMATION
fixed length control field 781207s1979 paua b 001 0 eng
020 ## - INTERNATIONAL STANDARD BOOK NUMBER
International Standard Book Number 0916730123 :
Terms of availability $8.95
050 00 - LIBRARY OF CONGRESS CALL NUMBER
Classification number RC350.5
Item number .C66
082 00 - DEWEY DECIMAL CLASSIFICATION NUMBER
Classification number 610.73/68
245 00 - TITLE STATEMENT
Title Coping with neurologic problems proficiently.
260 ## - PUBLICATION, DISTRIBUTION, ETC.
Place of publication, distribution, etc. Horsham, Pa. :
Name of publisher, distributor, etc. Intermed Communications,
Date of publication, distribution, etc. c1980.
300 ## - PHYSICAL DESCRIPTION
Extent 202, [6] p. :
Other physical details ill. some color ;
Dimensions 24 cm.
500 ## - GENERAL NOTE
General note "Nursing 79 books."
500 ## - GENERAL NOTE
General note Includes index.
650 #0 - SUBJECT ADDED ENTRY--TOPICAL TERM
Topical term or geographic name entry element Neurological nursing.
650 #2 - SUBJECT ADDED ENTRY--TOPICAL TERM
Topical term or geographic name entry element Nervous system diseases
General subdivision Nursing.
942 ## - ADDED ENTRY ELEMENTS (KOHA)
Source of classification or shelving scheme Library of Congress Classification
Koha item type Books
Suppress in OPAC No
999 ## -
-- 3517
-- 3517
Holdings
Withdrawn status Lost status Source of classification or shelving scheme Damaged status Not for loan Collection Home library Current library Shelving location Date acquired Total checkouts Full call number Barcode Date last seen Copy number Price effective from Koha item type
    Library of Congress Classification     Non-fiction Science Library (Miotso) Science Library (Miotso) General stacks 02/06/2025   RC350.5 .C66 COP SLM00002943 02/06/2025 1 02/06/2025 Books
© 2023-2024 Copyright: Central University Libraries. All Rights Reserved | Created by: Mahone Tech Office